Movies Quiz

Random Movies or Box Office Quiz

All-Time Box Office Quiz Stats

 Plays Quiz Updated Jun 20, 2019

Score 0/50 Timer 10:00
3 Plays Today
Gross Movie % Correct
$1,221mTitanic
87.9%
$1,604mStar Wars
73.2%
$1,823mGone with the Wind
71%
$832mAvengers: Endgame
61.4%
$877mAvatar
53.6%
$671mThe Dark Knight
53.1%
$692mMarvel's The Avengers
46.8%
$711mThe Godfather
46.1%
$1,278mE.T.: The Extra-Terrestrial
42.1%
$885mStar Wars: Episode V - The Empire Strikes Back
41.7%
$847mStar Wars: Episode VI - Return of the Jedi
41.6%
$626mSpider-Man
41.6%
$687mBlack Panther
40.6%
$652mAvengers: Infinity War
40.4%
$1,154mJaws
37.1%
$708mForrest Gump
29.6%
$826mJurassic Park
29.1%
$803mThe Lion King
29.1%
$798mRaiders of the Lost Ark
27.7%
$712mJurassic World
26.9%
$813mStar Wars Episode I: The Phantom Menace
26.9%
$1,284mThe Sound of Music
25.8%
$982mSnow White and the Seven Dwarfs
25.7%
$883mBen-Hur
20.6%
$624mIndependence Day
17.6%
Gross Movie % Correct
$640mShrek 2
17.4%
$974mStar Wars: The Force Awakens
17.2%
$597mIncredibles 2
14.1%
$704mMary Poppins
12.9%
$1,180mThe Ten Commandments
12.9%
$694mGrease
12.6%
$609mStar Wars: The Last Jedi
11.7%
$748mFantasia
11.6%
$771mThe Graduate
11.3%
$654mSleeping Beauty
11%
$996mThe Exorcist
10.6%
$803mThe Sting
10.3%
$641mGhostbusters
10.2%
$607mPinocchio
9.5%
$610mHome Alone
9.2%
$635mButch Cassidy and the Sundance Kid
8.1%
$664mThe Jungle Book
7.4%
$597mGoldfinger
7.1%
$605mCleopatra
6.8%
$1,119mDoctor Zhivago
6.2%
$605mBeverly Hills Cop
5.8%
$900m101 Dalmatians
5.5%
$673mThunderball
4.7%
$631mLove Story
4.5%
$596mAirport
2.6%

You're not logged in!

Compare scores with friends on all Sporcle quizzes.
OR
Log In

Sporcle TV

Today on Sporcle TV


Watch our educational content, quiz creation guides, and fun videos on Sporcle TV.

Show Comments

Extras

Top Quizzes Today


Score Distribution

Your Account Isn't Verified!

In order to create a playlist on Sporcle, you need to verify the email address you used during registration. Go to your Sporcle Settings to finish the process.

Report this User

Report this user for behavior that violates our Community Guidelines.

Details: